000 00536nam a2200181Ia 4500
003 GCL
008 140319s9999 xx 000 0 ara d
040 _aGCL /
_cGCL
082 0 4 _a658
_bع ا
100 1 _aعلى محمد عبدالوهاب
245 1 0 _aالادارة بالاهداف : النظرية والتطبيق /
_cعلى محمد عبدالوهاب
300 _a271 ص
490 _a
650 0 4 _aادارة الاعمال
650 0 4 _aالادارة
650 0 4 _aالادارة بالاهداف
942 _2ddc
_cBK
999 _c41739
_d41739